| 000 | 01506cam a22003253a 4500 | ||
|---|---|---|---|
| 005 | 20260322212022.0 | ||
| 008 | data | ||
| 010 | _a 2013658834 | ||
| 020 | _a9780373876655 | ||
| 020 | _a0373876653 | ||
| 040 |
_aBTCTA _beng _cBTCTA _dDLC _dB2A _dDLC |
||
| 042 | _alccopycat | ||
| 050 | 0 | 0 | _aCPB Box no. 3726 vol. 2 |
| 099 | _aTIPPEM | ||
| 100 | 1 | _aTippens, Missy. | |
| 245 | 1 | 2 |
_aA family for Faith / _cMissy Tippens & Copyright Paperback Collection (Library of Congress). |
| 260 |
_aNew York : _bLove Inspired, _cc2011. |
||
| 300 |
_a215, [9] p. ; _c17 cm. |
||
| 490 | 0 | _aLove inspired inspirational romance | |
| 490 | 1 | _aLove inspired | |
| 520 | _a"When Faith Hagin sees widower cop Gabe Reynolds every day in her coffee shop, she can't help but feel for the struggling single dad. She's raised a teenager of her own--and sadly, knows what not to do. But thanks to his matchmaking preteen daughter, Chelsea, the whole town's praying for Gabe to finda wife! Even though Faith thinks she's content being just friends, spending time with him and Chelsea starts to feel like a fresh start at having a family. And their love may be the answer to everyone's prayers."--P. [4] of cover. | ||
| 650 | 0 |
_aWidowers _vFiction. |
|
| 650 | 0 |
_aSingle parents _vFiction. |
|
| 650 | 0 |
_aMan-woman relationships _vFiction. |
|
| 655 | 7 |
_aLove stories. _2gsafd |
|
| 655 | 7 |
_aReligious fiction. _2lcsh |
|
| 710 | 2 |
_aCopyright Paperback Collection (Library of Congress) _5DLC |
|
| 830 | 0 | _aLove inspired. | |
| 001 | data | ||
| 999 |
_c493 _d493 |
||